Dictionary of computing and the internet (Record no. 5629)

MARC details
000 -LEADER
fixed length control field 00447nam a2200169Ia 4500
003 - CONTROL NUMBER IDENTIFIER
control field SGT
020 ## - INTERNATIONAL STANDARD BOOK NUMBER
International Standard Book Number 9781859863572
082 ## - DEWEY DECIMAL CLASSIFICATION NUMBER
Classification number 4.03
Item number HUT
100 ## - MAIN ENTRY--PERSONAL NAME
Personal name Hutchinson
245 ## - TITLE STATEMENT
Title Dictionary of computing and the internet
250 ## - EDITION STATEMENT
Edition statement 4th Ed.
260 ## - PUBLICATION, DISTRIBUTION, ETC. (IMPRINT)
Name of publisher, distributor, etc Helicon Publishing Ltd.
Place of publication, distribution, etc New Delhi
Year of Publication 2001
300 ## - PAGE DESCRIPTION
No. of Pages 326p.
650 ## - SUBJECT ADDED ENTRY--TOPICAL TERM
Topical term or geographic name as entry element COMPUTER SCIENCE
653 ## - KEYWORDS--INDEX TERM
Keyword term CONTRIBUTORS, LIST OF TABLES, LIST OF TABLES, LIST OF TABLES
942 ## - ADDED ENTRY ELEMENTS (KOHA)
Source of classification or shelving scheme Dewey Decimal Classification
Koha item type Books
Holdings
Withdrawn status Lost status Source of classification or shelving scheme Damaged status Use restrictions Not for loan Collection code Home library Current library Shelving location Date acquired SGTU Full call number Accession No. (Barcode) Date last seen Bill Date Koha item type
    Dewey Decimal Classification   Restricted Access Not For Loan ENGINEERING SGT Engineering Library SGT Engineering Library Reference Book 17/09/2013 SGTU 4.03 HUT FE6182 09/02/2015 09/02/2015 Books